The Cambridge Companion to Ravel : (Record no. 585075)

MARC details
000 -LEADER
fixed length control field 00504nam a2200193 a 4500
008 - FIXED-LENGTH DATA ELEMENTS--GENERAL INFORMATION
fixed length control field 250902s2000##################000#0#eng##
020 ## - INTERNATIONAL STANDARD BOOK NUMBER
ISBN 9780521648561
082 04 - DEWEY DECIMAL CLASSIFICATION NUMBER
Classification number 780.92
Item number MW
100 1# - MAIN ENTRY--AUTHOR NAME
Personal name Mawer, Deborah,
245 10 - TITLE STATEMENT
Title The Cambridge Companion to Ravel :
260 ## - PUBLICATION, DISTRIBUTION, ETC. (IMPRINT)
Name of publisher Cambridge University Press,
Year of publication 2000.
300 ## - PHYSICAL DESCRIPTION
Number of Pages 316 pages
650 #0 - SUBJECT ADDED ENTRY--TOPICAL TERM
Topical Term Biography & Autobiography.
942 ## - ADDED ENTRY ELEMENTS (KOHA)
Koha item type English Books
Holdings
Withdrawn status Lost status Damaged status Not for loan Home library Current library Shelving location Date acquired Full call number Accession Number Price effective from Koha item type
        Anna Centenary Library Anna Centenary Library 6TH FLOOR, B WING 02.09.2025 780.92 MW 237176 02.09.2025 English Books

Find us on the map